Sept autres familles - Game of Thrones - Statistiques

Statistiques générales
  • Ce quiz a été pris 31 fois
  • Le résultat moyen est 16 sur 31
Statistiques - réponses
Dans la famille... je demande... Réponse % Correct
Famille Mormont Le fils Jorah
96%
Famille Tarly Le fils aîné Samwell
93%
Famille Bolton Le fils Ramsay
89%
Famille Bolton Le père Roose
86%
Famille Frey Le père Walder
86%
Famille Mormont Le père Jeor
82%
Famille Martell L'oncle Oberyn
82%
Famille Bolton La belle-fille Sansa
75%
Famille Tully La fille aînée Catelyn
68%
Famille Tarly La belle-fille Gilly (Vère)
68%
Famille Tully La fille cadette Lysa
68%
Famille Mormont La cousine Lyanna
64%
Famille Martell Le père Doran
61%
Famille Tully Le fils Edmure
61%
Famille Sand Le père Oberyn
57%
Famille Sand La mère Ellaria
54%
Famille Martell Le fils Trystan
54%
Famille Tarly Le fils cadet Dickon
50%
Famille Tarly Le père Randyll
46%
Famille Tully L'oncle Brynden
43%
Famille Martell La tante Elia
43%
Famille Frey L'une des filles Roslin | Derwa | Waldra ...
43%
Famille Sand La fille Obara
39%
Famille Bolton La belle-mère Walda
36%
Famille Sand La fille Nymeria
29%
Famille Sand La fille Tyerne
18%
Famille Frey L'une des petites-filles Walda | Janeya | Neyela ...
18%
Famille Frey L'une des épouses Joyeuse | Kitty
11%
Famille Frey L'un des fils Stevron | Lothar ...
11%
Famille Tarly La fille Talla
11%
Famille Tarly La mère Melessa
7%
Aucun quiz correspondant
Distribution des résultats
% des personnes avec chaque résultat
Percentile par nombre de réponses
Votre historique - résultats
Vous n’avez pas pris ce quiz